| 000 | 01227nam a22004697a 4500 | ||
|---|---|---|---|
| 005 | 20250604120658.0 | ||
| 008 | 190902b2015 xxu||||| |||| 00| 0 spa d | ||
| 020 | _a9789873695025 | ||
| 041 | _aESP | ||
| 082 | _a614.1 F634p | ||
| 100 |
_aFlores, Carlos Alejandro _955679 |
||
| 245 | _aPatología forense | ||
| 260 | _aArgentina | ||
| 260 | _bTribunales | ||
| 260 | _c2015 | ||
| 300 | _a328 páginas | ||
| 300 | _bFotografías a color | ||
| 300 | _eDisco compacto N°822 | ||
| 650 | _aPATOLOGÍA FORENSE | ||
| 650 | _aTANATOLOGÍA | ||
| 650 | _aTRANSFORMACIONES CADAVÉRICAS | ||
| 650 | _aCADÁVERES | ||
| 650 | _aRESTOS HUMANOS | ||
| 650 | _aESPASMO CADAVÉRICO | ||
| 650 | _aFENÓMENOS CADAVÉRICOS | ||
| 650 | _aPUTREFACCIÓN CADAVÉRICA | ||
| 650 | _aMOMIFICACIÓN | ||
| 650 | _aEMBALSAMIENTO | ||
| 650 | _aENTOMOLOGÍA FORENSE | ||
| 650 | _aIDENTIFICACIÓN CADAVÉRICA | ||
| 650 | _aAUTOPSIAS | ||
| 650 | _aLABORATORIO FORENSE | ||
| 650 | _aRECOLECCIÓN DE MUESTRAS | ||
| 650 | _aLESIONOLOGÍA | ||
| 650 | _aCONTUSIONES | ||
| 650 | _aLESIONES POR ARMAS | ||
| 650 | _aBALÍSTICA | ||
| 650 | _aASFIXIAS | ||
| 650 | _aESTRANGULACIÓN | ||
| 942 |
_cBK _2ddc |
||
| 999 |
_c12294 _d12294 |
||